000 00818nam a2200193 a 4500
001 000418880
003 AM-YeHGA
005 20250618072437.0
008 050406s1967 ai 000 | arm d
040 _aAM-YeHGA
041 0 _aarm
245 0 0 _aԲժշկագիտության և սպորտի բառացանկ :
_b(Նախագիծ) /
_cՀՍՍՀ ԳԱ; Հայկ. սովետ. հանրագիտ., Հատուկ գիտ. խմբ.
260 _aԵրևան :
_bՀայկ. սովետ. հանրագիտ. հրատ.,
_c1967.
300 _a25 էջ ;
_c26 սմ.
650 1 4 _aՀանրագիտարան
_94617
710 2 _aԳիտությունների ակադեմիա ՀՍՍՀ
_94421
710 2 _aՀայկական սովետական հանրագիտարան.
_bՀատուկ գիտական խմբագրություն
090 _c161346
999 _c159942
_d159942